| 000 | 01028cam a2200229 4500 | ||
|---|---|---|---|
| 001 | WB3832-19 | ||
| 008 | 020905n2002 000 0 eng u | ||
| 035 | _a(Sirsi) u119577 | ||
| 245 | _aUK property taxes among highest in the world | ||
| 260 | _c2002 | ||
| 490 |
_aRICS Corporate Occupiers Group News _v 5 September 2002 (1) |
||
| 520 | _aNew figures from the Organisation for Economic Co-operation and Development (OECD) claim that government is earning £40bn annually from British property taxes. Annual tax revenue from the UK property industry provides as much as 4% of the national income, higher than in France, Germany, Italy and the US. Only Luxembourg taxes the sector as highly. The taxation is double the EU average for property taxation, which is currently 2%. OECD website http://www.oecd.org | ||
| 590 | _aWB | ||
| 650 | _aOECD | ||
| 650 | _aUNITED KINGDOM | ||
| 650 | _aPROPERTY TAXATION | ||
| 650 | _aEU | ||
| 650 | _aBUSINESS RATES | ||
| 650 | _aSTAMP DUTY | ||
| 690 | _aTAXATION | ||
| 942 | _n0 | ||
| 999 |
_c71095 _d71095 |
||